000
00260nam a2200097Ia 4500
001
989607
005
20251230105541.0
008
250824s9999 xx 000 0 und d
245
0
_a
SHERLOCK HOLMES - BİSİKLETLİ TAKİP
_c
SİR ARTHUR CONAN DOYLE
260
_b
dokuz
999
_c
989607
_d
989607